000 00450pam a2200169 a 4500
020 _a1560320117
040 _cDLC
041 1 _hrus
082 0 0 _a519 HEM 1990 A026 Or.
100 1 _aVolkov, E. A.
245 1 0 _aNumerical methods /
260 _a[Moscow] :
_bMir Publishers Moscow ;
_aNew York :
_bHemisphere Pub. Corp.,
_cc1990.
300 _a228 p. :
_bill. ;
_c24 cm.
500 _aIncludes index.
650 0 _aNumerical analysis.
942 _cEK
999 _c13363
_d13363